[Event "Irish Championship 2018"]
[Site "Dublin IRL"]
[Date "2018.08.10"]
[Round "7.11"]
[White "O'Connell, Gerard"]
[Black "Cafolla, Peter"]
[Result "1/2-1/2"]
[WhiteElo "2148"]
[BlackElo "1955"]
[WhiteICU "2099"]
[BlackICU "1939"]
[WhiteClub "St. Benildus"]
[BlackClub "Rathmines"]
[WhiteNationality "IRL"]
[BlackNationality "IRL"]
[WhiteFideId "2500493"]
[BlackFideId "2500884"]
[PlyCount "48"]
[EventDate "2018.08.04"]
[Source "TWIC 1240"]

{ Event information: <a
href="https://www.irlchess.com/irlch2018_allfiles/pairings_irlch2018.html">Tournament
report</a>. }

1. d4 d5 2. c4 e6 3. Nc3 c5 4. cxd5 exd5 5. Nf3 Nc6 6. g3 Nf6 7. Bg2 Be7 8.
O-O O-O 9. Bg5 c4 10. Ne5 Be6 11. b3 Qa5 12. Rc1 Rac8 13. bxc4 dxc4 14.
Bxc6 bxc6 15. Qa4 Qxa4 16. Nxa4 c5 17. e3 cxd4 18. exd4 Ba3 19. Rc2 Bf5 20.
Rxc4 Ne4 21. Be3 Be6 22. Rxc8 Rxc8 23. Nc5 Nxc5 24. dxc5 Bxc5 1/2-1/2

[Event "Irish Championship 2018"]
[Site "Dublin IRL"]
[Date "2018.08.10"]
[Round "7.12"]
[White "Keogh, Eamon"]
[Black "Melaugh, Gavin"]
[Result "1/2-1/2"]
[WhiteTitle "NM"]
[WhiteElo "1960"]
[BlackElo "2029"]
[WhiteICU "1888"]
[BlackICU "1999"]
[WhiteClub "Kilkenny"]
[BlackClub "Elm Mount"]
[WhiteNationality "IRL"]
[BlackNationality "IRL"]
[WhiteFideId "2500264"]
[BlackFideId "2509571"]
[PlyCount "73"]
[EventDate "2018.08.04"]
[Source "TWIC 1240"]

{ Event information: <a
href="https://www.irlchess.com/irlch2018_allfiles/pairings_irlch2018.html">Tournament
report</a>. }

1. e4 e6 2. d4 d5 3. Nd2 Nf6 4. e5 Nfd7 5. Ne2 c5 6. c3 Nc6 7. f4 f6 8.
exf6 Nxf6 9. Nf3 Bd6 10. g3 O-O 11. Bg2 Qb6 12. O-O cxd4 13. cxd4 Bd7 14.
Kh1 Ne7 15. Bh3 Ne4 16. Nc3 Nf5 17. Nxe4 dxe4 18. Ne5 Bb5 19. Re1 Rad8 20.
Rxe4 Bxe5 21. Rxe5 Bc6+ 22. Bg2 Rxd4 23. Qe1 Rfd8 24. Be3 Nxe3 25. Rxe3
Bxg2+ 26. Kxg2 Qxb2+ 27. Kh3 Rd2 28. Rxe6 Rxh2+ 29. Kg4 h5+ 30. Kg5 Rf8 31.
Rb1 Qg2 32. Rd6 Kh8 33. Qc3 Qe4 34. Qe5 Qxb1 35. Rh6+ Kg8 36. Qe6+ Rf7 37.
Qe8+ 1/2-1/2

[Event "Irish Championship 2018"]
[Site "Dublin IRL"]
[Date "2018.08.10"]
[Round "7.13"]
[White "Bourached, Anthony"]
[Black "Rush, Stephen"]
[Result "1-0"]
[WhiteElo "2026"]
[BlackElo "2025"]
[WhiteICU "2083"]
[BlackICU "1903"]
[WhiteClub "T.C.D."]
[BlackClub "Strand"]
[WhiteNationality "IRL"]
[BlackNationality "IRL"]
[WhiteFideId "2504456"]
[BlackFideId "2512173"]
[PlyCount "35"]
[EventDate "2018.08.04"]
[Source "TWIC 1240"]

{ Event information: <a
href="https://www.irlchess.com/irlch2018_allfiles/pairings_irlch2018.html">Tournament
report</a>. }

1. e4 e6 2. d4 d5 3. Nd2 c5 4. Ngf3 cxd4 5. exd5 Qxd5 6. Bc4 Qd6 7. O-O Nf6
8. Nb3 Nc6 9. Nbxd4 Nxd4 10. Nxd4 a6 11. Re1 Qc7 12. Qe2 Bd6 13. Bg5 O-O
14. Bd3 Bxh2+ 15. Kh1 Bf4 16. Bxf6 gxf6 17. g3 Bd6 18. Bxh7+ 1-0

[Event "Irish Championship 2018"]
[Site "Dublin IRL"]
[Date "2018.08.10"]
[Round "7.14"]
[White "Kennedy, John P. A."]
[Black "O'Neill, Paul"]
[Result "0-1"]
[WhiteElo "2077"]
[BlackElo "1985"]
[WhiteICU "1999"]
[BlackICU "1991"]
[WhiteClub "Dublin"]
[BlackClub "Elm Mount"]
[WhiteNationality "IRL"]
[BlackNationality "IRL"]
[WhiteFideId "2501120"]
[BlackFideId "2507692"]
[PlyCount "92"]
[EventDate "2018.08.04"]
[Source "TWIC 1240"]

{ Event information: <a
href="https://www.irlchess.com/irlch2018_allfiles/pairings_irlch2018.html">Tournament
report</a>. }

1. Nf3 Nf6 2. g3 g6 3. Bg2 Bg7 4. O-O O-O 5. d3 d5 6. Nbd2 c5 7. e4 dxe4 8.
dxe4 Nc6 9. Re1 Be6 10. h3 Qd7 11. Ng5 Rad8 12. Nxe6 Qxe6 13. c3 Ne5 14.
Qe2 Nd3 15. Rd1 Bh6 16. f4 Nh5 17. Qf3 Nxg3 18. Nb3 Nxc1 19. Raxc1 Bxf4 20.
Rxd8 Rxd8 21. Re1 Nh5 22. Nxc5 Qxa2 23. Nd3 Bg3 24. Nb4 Qc4 25. Kh1 Bf4 26.
Re2 Qxe2 27. Qxe2 Rd1+ 28. Bf1 Rxf1+ 29. Qxf1 Ng3+ 30. Kg2 Nxf1 31. Kxf1 e6
32. Kf2 Kg7 33. Kf3 Bc7 34. Nd3 Bb6 35. c4 Bd4 36. e5 f6 37. exf6+ Kxf6 38.
Ke4 e5 39. b4 h5 40. b5 b6 41. Nb4 g5 42. Nc6 g4 43. hxg4 h4 44. Nxa7 h3
45. Kf3 e4+ 46. Kg3 e3 0-1

[Event "Irish Championship 2018"]
[Site "Dublin IRL"]
[Date "2018.08.10"]
[Round "7.15"]
[White "Wallace, Paul"]
[Black "Nolan, Conor"]
[Result "1/2-1/2"]
[WhiteElo "2202"]
[BlackElo "1935"]
[WhiteICU "2182"]
[BlackICU "1914"]
[WhiteClub "Kilkenny"]
[BlackClub "Gonzaga"]
[WhiteNationality "IRL"]
[BlackNationality "IRL"]
[WhiteFideId "2500892"]
[BlackFideId "2509466"]
[PlyCount "63"]
[EventDate "2018.08.04"]
[Source "TWIC 1240"]

{ Event information: <a
href="https://www.irlchess.com/irlch2018_allfiles/pairings_irlch2018.html">Tournament
report</a>. }

1. e4 c6 2. d4 d5 3. e5 c5 4. dxc5 e6 5. Nf3 Bxc5 6. Bd3 Nc6 7. O-O Nge7 8.
Bf4 Ng6 9. Bg3 Qb6 10. Qc1 Bd4 11. Nxd4 Qxd4 12. Rd1 Qc5 13. Re1 O-O 14. c3
f5 15. exf6 Rxf6 16. Nd2 Nf4 17. Nb3 Nxd3 18. Nxc5 Nxc1 19. Raxc1 b6 20.
Nd3 Ba6 21. Nf4 Kf7 22. Rcd1 g5 23. Nd3 Bxd3 24. Rxd3 h5 25. f3 Kg6 26. h3
Rd8 27. a4 h4 28. Bf2 e5 29. g3 hxg3 30. Bxg3 Kf5 31. Kg2 Re6 32. Red1
1/2-1/2

[Event "Irish Championship 2018"]
[Site "Dublin IRL"]
[Date "2018.08.10"]
[Round "7.16"]
[White "Scott, Luke"]
[Black "Butler, Kevin C."]
[Result "0-1"]
[WhiteElo "1873"]
[BlackElo "2064"]
[WhiteICU "1795"]
[BlackICU "2000"]
[WhiteClub "T.C.D."]
[BlackClub "Phibsboro"]
[WhiteNationality "IRL"]
[BlackNationality "IRL"]
[WhiteFideId "2507986"]
[BlackFideId "2501538"]
[PlyCount "119"]
[EventDate "2018.08.04"]
[Source "TWIC 1240"]

{ Event information: <a
href="https://www.irlchess.com/irlch2018_allfiles/pairings_irlch2018.html">Tournament
report</a>. }

1. d4 Nf6 2. c4 e6 3. Nc3 Bb4 4. e3 c5 5. Ne2 cxd4 6. exd4 O-O 7. a3 Be7 8.
g3 d5 9. cxd5 Nxd5 10. Bg2 Bf6 11. Nxd5 exd5 12. Nc3 Re8+ 13. Be3 Nc6 14.
O-O Be6 15. b4 Rc8 16. Rc1 Ne7 17. Qb3 Qd7 18. Rfd1 h5 19. a4 h4 20. a5
hxg3 21. hxg3 b6 22. axb6 axb6 23. b5 Qb7 24. Na2 Bg4 25. Re1 Qd7 26. Nc3
Be6 27. Rcd1 Red8 28. Ra1 Nf5 29. Ra6 Nxe3 30. fxe3 Qc7 31. Ne2 g5 32. Rc1
Qd6 33. Rc6 Rxc6 34. bxc6 Qxc6 35. Rxb6 Qc7 36. Bf3 Kg7 37. Rb5 Qc6 38. Kf2
Rh8 39. Rc5 Qa6 40. Qb2 Qa8 41. Rc1 Rh2+ 42. Kg1 Qh8 43. Qc2 Qh3 44. Qc7 g4
45. Nf4 Qxg3+ 46. Bg2 Kh6 47. Rc2 Rh4 48. Re2 Bg5 49. Nxd5 Qxc7 50. Nxc7
Bc4 51. Re1 f5 52. Kf2 Kg6 53. Rc1 Bd3 54. Rc6+ Kf7 55. Ne6 g3+ 56. Kxg3
Rg4+ 57. Kh3 Bxe3 58. Bf3 $4 (58. d5 $15) 58... Bf1+ 59. Kh2 Rh4+ 60. Kg3 (
60. Kg3 Rh3#) 0-1

[Event "Irish Championship 2018"]
[Site "Dublin IRL"]
[Date "2018.08.10"]
[Round "7.17"]
[White "Tirziman, Rudolf"]
[Black "O'Gorman, Alice"]
[Result "1-0"]
[WhiteElo "1943"]
[BlackElo "1896"]
[WhiteICU "1902"]
[BlackICU "1779"]
[WhiteClub "Blanchardstown"]
[BlackClub "Dun Laoghaire"]
[WhiteNationality "IRL"]
[BlackNationality "IRL"]
[WhiteFideId "2508664"]
[BlackFideId "2508214"]
[PlyCount "63"]
[EventDate "2018.08.04"]
[Source "TWIC 1240"]

{ Event information: <a
href="https://www.irlchess.com/irlch2018_allfiles/pairings_irlch2018.html">Tournament
report</a>. }

1. e4 d5 2. exd5 Nf6 3. Bb5+ Nbd7 4. d4 a6 5. Be2 b5 6. a4 bxa4 7. c4 Nb6
8. Nc3 Bd7 9. Nf3 a3 10. bxa3 g6 11. Ne5 Bg7 12. O-O O-O 13. Bf3 Be8 14.
Re1 Ra7 15. a4 Kh8 16. Ba3 a5 17. Bc5 Ng8 18. Nb5 Ra6 19. Qc2 f6 20. Nc6
Bxc6 21. dxc6 Nc8 22. Bd5 Nd6 23. Ra3 Re8 24. Rh3 f5 25. Ree3 Nf6 26. Bxd6
exd6 27. Rxe8+ Nxe8 28. Qe2 Ra8 29. Qe7 ({ The game score must be garbled.
} 29. Qe6 { is more likely. }) 29... Bf6 30. Qf7 Ng7 31. Qxc7 Ne8 32. Qf7 (
{ The game score must again be garbled, else } 32. Qxh7#) 1-0

[Event "Irish Championship 2018"]
[Site "Dublin IRL"]
[Date "2018.08.10"]
[Round "7.18"]
[White "Nemeth, Zalan"]
[Black "Nolan, Dermot"]
[Result "1/2-1/2"]
[WhiteElo "1876"]
[BlackElo "1841"]
[WhiteICU "1818"]
[BlackICU "1759"]
[WhiteClub "Galway"]
[BlackClub "Gonzaga"]
[WhiteNationality "IRL"]
[BlackNationality "IRL"]
[WhiteFideId "2512041"]
[BlackFideId "2510260"]
[PlyCount "80"]
[EventDate "2018.08.04"]
[Source "TWIC 1240"]

{ Event information: <a
href="https://www.irlchess.com/irlch2018_allfiles/pairings_irlch2018.html">Tournament
report</a>. }

1. c4 Nf6 2. g3 g6 3. Bg2 Bg7 4. Nc3 O-O 5. Rb1 a5 6. a3 d6 7. b4 axb4 8.
axb4 Nbd7 9. d3 e5 10. e3 Ne8 11. Nge2 f5 12. O-O Nef6 13. Bb2 Rb8 14. Ra1
c6 15. Qb3 Qe7 16. b5 Nc5 17. Qc2 e4 18. d4 Nd3 19. Nc1 Nxb2 20. Qxb2 Be6
21. Qb4 c5 22. Qb3 Ra8 23. Rxa8 Rxa8 24. d5 Bd7 25. Re1 Ng4 26. Re2 Qf6 27.
Ra2 Rxa2 28. N1xa2 Ne5 29. Qa4 Qd8 30. Ne2 g5 31. Nac1 Qe8 32. h3 h6 33.
Nb3 Qb8 34. Nd2 Bc8 35. b6 Bd7 36. Qa7 Qc8 37. Nc1 Nf7 38. Ndb3 Nd8 39. Na5
Kh7 40. Ncb3 Bc3 1/2-1/2

[Event "Irish Championship 2018"]
[Site "Dublin IRL"]
[Date "2018.08.11"]
[Round "8.1"]
[White "Lopez, Alex"]
[Black "Moran, Stephen"]
[Result "1-0"]
[WhiteTitle "IM"]
[WhiteElo "2411"]
[BlackElo "2155"]
[WhiteICU "2476"]
[BlackICU "2095"]
[BlackClub "T.C.D."]
[WhiteNationality "IRL"]
[BlackNationality "IRL"]
[WhiteFideId "2501430"]
[BlackFideId "2501872"]
[PlyCount "63"]
[EventDate "2018.08.04"]
[Source "TWIC 1240"]

{ Event information: <a
href="https://www.irlchess.com/irlch2018_allfiles/pairings_irlch2018.html">Tournament
report</a>. }

1. d4 Nf6 2. Bg5 c5 3. Bxf6 gxf6 4. d5 Qb6 5. Qc1 Bh6 6. e3 f5 7. Ne2 d6 8.
g3 Nd7 9. Bg2 Bg7 10. Nbc3 Ne5 11. O-O h5 12. h4 Bd7 13. Rb1 Bb5 14. Nxb5
Qxb5 15. Nf4 Bf6 16. b3 Qa5 17. a3 c4 18. Qd1 Ng4 19. bxc4 Qc7 20. c5 Qxc5
21. Rxb7 Kf8 22. Qd3 Qc8 23. Rfb1 Kg7 24. Bh3 Kh6 25. Bxg4 fxg4 26. Qe4 Rd8
27. Rxe7 Bxe7 28. Qxe7 Qf5 29. Rb7 a5 30. e4 Qe5 31. Qxf7 Rh8 32. Qg6# 1-0

[Event "Irish Championship 2018"]
[Site "Dublin IRL"]
[Date "2018.08.11"]
[Round "8.2"]
[White "O'Donnell, Conor"]
[Black "Murray, David"]
[Result "1/2-1/2"]
[WhiteTitle "FM"]
[WhiteElo "2336"]
[BlackElo "2149"]
[WhiteICU "2312"]
[BlackICU "2123"]
[WhiteClub "Gonzaga"]
[BlackClub "Gonzaga"]
[WhiteNationality "IRL"]
[BlackNationality "IRL"]
[WhiteFideId "2504243"]
[BlackFideId "2501511"]
[PlyCount "77"]
[EventDate "2018.08.04"]
[Source "TWIC 1240"]

{ Event information: <a
href="https://www.irlchess.com/irlch2018_allfiles/pairings_irlch2018.html">Tournament
report</a>. }

1. Nf3 Nf6 2. c4 c5 3. Nc3 Nc6 4. g3 d5 5. cxd5 Nxd5 6. Bg2 Nc7 7. d3 e5 8.
Nd2 Bd7 9. O-O Be7 10. Nc4 f6 11. f4 b5 12. Ne3 O-O 13. fxe5 fxe5 14. Rxf8+
Bxf8 15. Bd2 Rb8 16. Rc1 Nd4 17. Ne4 Nce6 18. Qf1 a5 19. Qf2 Be8 20. Ng4
Qc7 21. e3 Nc6 22. Qf5 Qf7 23. Qxf7+ Bxf7 24. Bc3 Rd8 25. Nef6+ gxf6 26.
Bxc6 Bg7 27. Bxb5 h5 28. Nf2 Bh6 29. Re1 Ng5 30. Bc6 Rd6 31. Bg2 a4 32. a3
Bb3 33. h4 Ne6 34. Bf1 Kf7 35. Ne4 Rd8 36. Kf2 Bc2 37. Bh3 Rd5 38. Bg2 Rxd3
39. Nd2 1/2-1/2

[Event "Irish Championship 2018"]
[Site "Dublin IRL"]
[Date "2018.08.11"]
[Round "8.3"]
[White "Baburin, Alexander"]
[Black "Murphy, Conor E."]
[Result "1/2-1/2"]
[WhiteTitle "GM"]
[BlackTitle "FM"]
[WhiteElo "2458"]
[BlackElo "2336"]
[WhiteICU "2428"]
[WhiteClub "Kilkenny"]
[BlackClub "Charlton ENG"]
[WhiteNationality "IRL"]
[BlackNationality "IRL"]
[WhiteFideId "2500914"]
[BlackFideId "421669"]
[PlyCount "65"]
[EventDate "2018.08.04"]
[Source "TWIC 1240"]

{ Event information: <a
href="https://www.irlchess.com/irlch2018_allfiles/pairings_irlch2018.html">Tournament
report</a>. }

1. d4 d5 2. c4 e6 3. Nf3 Nf6 4. Bg5 Bb4+ 5. Nc3 dxc4 6. e4 c5 7. Bxc4 cxd4
8. Nxd4 Qa5 9. Bd2 Qc5 10. Bb5+ Nc6 11. Nxc6 bxc6 12. Bd3 e5 13. O-O Qd6
14. Qc2 O-O 15. Rad1 Bc5 16. Bg5 Bd4 17. Be2 h6 18. Be3 Qc5 19. Qc1 Bg4 20.
Bxd4 exd4 21. Bxg4 Nxg4 22. Nd5 Qd6 23. Qf4 Ne5 24. Ne3 c5 25. Nf5 Qe6 26.
b4 Ng6 27. Qd2 Qxe4 28. Nd6 Qd5 29. bxc5 Nh4 30. f3 Qxc5 31. Qxd4 Qg5 32.
g3 Nf5 33. Nxf5 1/2-1/2

[Event "Irish Championship 2018"]
[Site "Dublin IRL"]
[Date "2018.08.11"]
[Round "8.4"]
[White "Jessel, Stephen"]
[Black "Delaney, Killian"]
[Result "1/2-1/2"]
[WhiteTitle "FM"]
[WhiteElo "2346"]
[BlackElo "2206"]
[WhiteICU "2337"]
[BlackICU "2206"]
[WhiteClub "Gonzaga"]
[BlackClub "Gonzaga"]
[WhiteNationality "IRL"]
[BlackNationality "IRL"]
[WhiteFideId "628859"]
[BlackFideId "2501570"]
[PlyCount "59"]
[EventDate "2018.08.04"]
[Source "TWIC 1240"]

{ Event information: <a
href="https://www.irlchess.com/irlch2018_allfiles/pairings_irlch2018.html">Tournament
report</a>. }

1. Nf3 d5 2. c4 d4 3. b4 g5 4. h3 h6 5. d3 Bg7 6. Nbd2 a5 7. b5 c5 8. bxc6
Nxc6 9. Rb1 e5 10. g3 Nge7 11. Bg2 O-O 12. Qa4 Ra6 13. Ba3 Nb4 14. Bxb4
axb4 15. Qxb4 Rxa2 16. O-O Nc6 17. Qb5 Qe7 18. Ra1 Qa3 19. Rxa2 Qxa2 20.
Qb3 Qa5 21. Rb1 f5 22. g4 Rf7 23. gxf5 Bxf5 24. Qb5 Qc7 25. Ne4 Bxe4 26.
dxe4 Kh8 27. Ne1 d3 28. Nxd3 Nd4 29. Qc5 Nxe2+ 30. Kf1 1/2-1/2

[Event "Irish Championship 2018"]
[Site "Dublin IRL"]
[Date "2018.08.11"]
[Round "8.6"]
[White "Wall, Gavin"]
[Black "Short, Philip"]
[Result "1/2-1/2"]
[WhiteTitle "IM"]
[BlackTitle "FM"]
[WhiteElo "2341"]
[BlackElo "2333"]
[WhiteICU "2290"]
[WhiteClub "Richmond ENG"]
[WhiteNationality "IRL"]
[BlackNationality "IRL"]
[WhiteFideId "2501244"]
[BlackFideId "2500086"]
[PlyCount "49"]
[EventDate "2018.08.04"]
[Source "TWIC 1240"]

{ Event information: <a
href="https://www.irlchess.com/irlch2018_allfiles/pairings_irlch2018.html">Tournament
report</a>. }

1. e4 e6 2. d4 d5 3. e5 c5 4. c3 Nc6 5. Nf3 Bd7 6. dxc5 Bxc5 7. b4 Bb6 8.
Bd3 f6 9. b5 Nxe5 10. Nxe5 fxe5 11. Qh5+ Kf8 12. Qxe5 Nf6 13. O-O Kf7 14.
Bg5 Qc7 15. Qxc7 Bxc7 16. Nd2 h6 17. Bxf6 gxf6 18. c4 Bf4 19. Rfd1 dxc4 20.
Bxc4 Rac8 21. g3 Bxd2 22. Rxd2 Ke7 23. Rad1 Rhd8 24. Rd4 Be8 25. f4 1/2-1/2

[Event "Irish Championship 2018"]
[Site "Dublin IRL"]
[Date "2018.08.11"]
[Round "8.7"]
[White "Daly, Colm"]
[Black "Carroll, Peter"]
[Result "1/2-1/2"]
[WhiteTitle "FM"]
[WhiteElo "2329"]
[BlackElo "1794"]
[WhiteICU "2255"]
[BlackICU "1802"]
[WhiteClub "Bray/Greystones"]
[BlackClub "Gonzaga"]
[WhiteNationality "IRL"]
[BlackNationality "IRL"]
[WhiteFideId "2500434"]
[BlackFideId "2510243"]
[PlyCount "155"]
[EventDate "2018.08.04"]
[Source "TWIC 1240"]

{ Event information: <a
href="https://www.irlchess.com/irlch2018_allfiles/pairings_irlch2018.html">Tournament
report</a>. }

1. d4 Nf6 2. c4 g6 3. Nc3 Bg7 4. e4 d6 5. Nf3 O-O 6. Be2 e5 7. O-O exd4 8.
Nxd4 Re8 9. f3 Nc6 10. Nc2 Nh5 11. Be3 Be5 12. g3 Bh3 13. Rf2 Nxg3 14. hxg3
Bxg3 15. Rg2 Qh4 16. Bf1 Re5 17. Ne2 Bxg2 18. Bxg2 Rh5 19. Nxg3 Qxg3 20.
Kf1 Ne5 21. Qe2 f5 22. Bf2 Qf4 23. Qe3 Qxe3 24. Nxe3 fxe4 25. fxe4 Nd3 26.
Bg3 Rf8+ 27. Kg1 Nf4 28. Bxf4 Rxf4 29. Nd5 Rf7 30. Rd1 Re5 31. Rd3 h5 32.
Rh3 Kf8 33. Bf3 Ke8 34. Kg2 Re6 35. Nb4 Ref6 36. Nd3 c6 37. Ne1 Kd7 38. Nd3
Kc7 39. Rg3 h4 40. Rh3 g5 41. Nf2 Kb6 42. Ng4 Rf4 43. e5 dxe5 44. Nxe5 R7f5
45. Ng4 Ra5 46. a3 Rxc4 47. Ne3 Rf4 48. Be2 Rc5 49. Rh1 Re4 50. Kf3 Rf4+
51. Kg2 Kc7 52. Bf3 Rb5 53. b4 a5 54. Rc1 Rd4 55. Rc3 axb4 56. axb4 Kd6 57.
Be2 Rbxb4 58. Nf5+ Ke5 59. Nxd4 Rxd4 60. Kh3 Re4 61. Rc2 Kf4 62. Bh5 Re3+
63. Kh2 g4 64. Rc4+ Re4 65. Rc1 Re2+ 66. Kg1 h3 67. Rc4+ Re4 $4 (67... Kg5
$19) 68. Rxe4+ $1 $10 Kxe4 69. Bxg4 Ke3 70. Bxh3 c5 71. Bf1 Kd2 72. Kf2 b6
73. Kf3 Kc3 74. Ke4 c4 75. Kd5 b5 76. Kc5 Kd2 77. Bxc4 bxc4 78. Kxc4
1/2-1/2

[Event "Irish Championship 2018"]
[Site "Dublin IRL"]
[Date "2018.08.11"]
[Round "8.8"]
[White "Li, Henry"]
[Black "O'Gorman, Tom"]
[Result "0-1"]
[BlackTitle "FM"]
[WhiteElo "2232"]
[BlackElo "2258"]
[WhiteICU "2207"]
[BlackICU "2239"]
[WhiteClub "Gonzaga"]
[BlackClub "Dun Laoghaire"]
[WhiteNationality "IRL"]
[BlackNationality "IRL"]
[WhiteFideId "2508524"]
[BlackFideId "2508249"]
[PlyCount "84"]
[EventDate "2018.08.04"]
[Source "TWIC 1240"]

{ Event information: <a
href="https://www.irlchess.com/irlch2018_allfiles/pairings_irlch2018.html">Tournament
report</a>. }

1. e4 c5 2. Nf3 d6 3. d4 cxd4 4. Nxd4 Nf6 5. Nc3 a6 6. Bg5 Nbd7 7. Qe2 h6
8. Bh4 g6 9. O-O-O Qc7 10. f4 e5 11. Nb3 exf4 12. Nd5 Nxd5 13. exd5+ Ne5
14. Bf6 Rg8 15. Qd2 Bg4 16. Re1 g5 17. h3 Bc8 18. h4 Be7 19. hxg5 hxg5 20.
Bxe5 dxe5 21. Na5 Bd6 22. Rh6 b5 23. Nc6 Kf8 24. Qc3 Bb7 25. Nxe5 Qxc3 26.
bxc3 Ba3+ 27. Kd2 Bxd5 28. Bd3 Rd8 29. Rxa6 Bc5 30. Kc1 Bxg2 31. Bxb5 Rh8
32. Rf6 Ba3+ 33. Kb1 Rh1 34. Rxh1 Bxh1 35. Rxf7+ Kg8 36. Rd7 Rb8 37. c4 Rf8
38. Ng4 f3 39. c5 f2 40. Bf1 Rb8+ 41. Ka1 Bb2+ 42. Kb1 Be5+ 0-1

[Event "Irish Championship 2018"]
[Site "Dublin IRL"]
[Date "2018.08.11"]
[Round "8.9"]
[White "Brady, Stephen"]
[Black "Cafolla, Peter"]
[Result "1-0"]
[WhiteTitle "FM"]
[WhiteElo "2336"]
[BlackElo "1955"]
[WhiteICU "2279"]
[BlackICU "1939"]
[WhiteClub "St. Benildus"]
[BlackClub "Rathmines"]
[WhiteNationality "IRL"]
[BlackNationality "IRL"]
[WhiteFideId "2500124"]
[BlackFideId "2500884"]
[PlyCount "73"]
[EventDate "2018.08.04"]
[Source "TWIC 1240"]

{ Event information: <a
href="https://www.irlchess.com/irlch2018_allfiles/pairings_irlch2018.html">Tournament
report</a>. }

1. e4 d6 2. d4 Nf6 3. Nc3 g6 4. Be3 Bg7 5. Qd2 h6 6. h3 a6 7. g4 b5 8. Bg2
Bb7 9. Nge2 Nbd7 10. Ng3 Nb6 11. b3 Nfd7 12. a4 bxa4 13. Nxa4 Nxa4 14. Rxa4
c5 15. d5 Nb6 16. Ra3 Nd7 17. O-O Qb6 18. c3 e6 19. Rd1 h5 20. b4 Ne5 21.
dxe6 fxe6 22. Qa2 Bc8 23. gxh5 gxh5 24. f4 Nf7 25. e5 d5 26. Bxc5 Qd8 27.
c4 Qh4 28. cxd5 Rh6 29. dxe6 Nxe5 30. fxe5 Bxe6 31. Bc6+ Kf7 32. Qf2+ Kg8
33. Bxa8 Rg6 34. Rd4 Qg5 35. Qf4 Bxe5 36. Qxg5 Rxg5 37. Rd8+ 1-0

[Event "Irish Championship 2018"]
[Site "Dublin IRL"]
[Date "2018.08.11"]
[Round "8.10"]
[White "Melaugh, Shane"]
[Black "Bourached, Anthony"]
[Result "1-0"]
[WhiteElo "2086"]
[BlackElo "2026"]
[WhiteICU "2111"]
[BlackICU "2083"]
[WhiteClub "Elm Mount"]
[BlackClub "T.C.D."]
[WhiteNationality "IRL"]
[BlackNationality "IRL"]
[WhiteFideId "2509580"]
[BlackFideId "2504456"]
[PlyCount "113"]
[EventDate "2018.08.04"]
[Source "TWIC 1240"]

{ Event information: <a
href="https://www.irlchess.com/irlch2018_allfiles/pairings_irlch2018.html">Tournament
report</a>. }

1. c4 e6 2. Nc3 d5 3. d4 c6 4. Bf4 Nf6 5. e3 Be7 6. Nf3 O-O 7. Bd3 Nbd7 8.
cxd5 exd5 9. h3 Re8 10. O-O Nf8 11. Rb1 Ne6 12. Bh2 Bd6 13. Bxd6 Qxd6 14.
b4 a6 15. a4 Bd7 16. a5 Nc7 17. Na4 Rad8 18. Ne5 Bc8 19. Qf3 Ne6 20. h4 Nf8
21. Bf5 Bxf5 22. Qxf5 Qe7 23. Nc5 Ne4 24. Rb2 Nd6 25. Qh3 f6 26. Ned3 Qf7
27. Nf4 Re7 28. Re2 g6 29. g4 h6 30. Nfd3 g5 31. f4 gxh4 32. Qxh4 Rde8 33.
Rf3 Qg6 34. f5 Qg5 35. Qh3 Rg7 36. Rg2 Re4 37. Nf4 Ree7 38. Qg3 Ne4 39. Qe1
Nxc5 40. Nh3 Nd3 41. Qg3 Qxg4 42. Qxg4 Rxg4 43. Rxg4+ Rg7 44. Rfg3 Rxg4 45.
Rxg4+ Kf7 46. Nf4 Nxb4 47. Nh5 Nd7 48. Rg7+ Ke8 49. Rg8+ Ke7 50. Rg7+ Kd8
51. Nf4 Kc7 52. Ne6+ Kd6 53. Nd8 b5 54. Nb7+ Kc7 55. Nc5 Nc2 56. Rxd7+ Kc8
57. Kf2 1-0

[Event "Irish Championship 2018"]
[Site "Dublin IRL"]
[Date "2018.08.11"]
[Round "8.11"]
[White "O'Neill, Paul"]
[Black "Fox, Anthony"]
[Result "1/2-1/2"]
[WhiteElo "1985"]
[BlackElo "2046"]
[WhiteICU "1991"]
[BlackICU "2024"]
[WhiteClub "Elm Mount"]
[BlackClub "Dun Laoghaire"]
[WhiteNationality "IRL"]
[BlackNationality "IRL"]
[WhiteFideId "2507692"]
[BlackFideId "2500736"]
[PlyCount "69"]
[EventDate "2018.08.04"]
[Source "TWIC 1240"]

{ Event information: <a
href="https://www.irlchess.com/irlch2018_allfiles/pairings_irlch2018.html">Tournament
report</a>. }

1. d4 d5 2. c4 e6 3. Nc3 Nf6 4. cxd5 exd5 5. Bf4 Bd6 6. Bxd6 Qxd6 7. Qc2 c6
8. Nf3 O-O 9. e3 Nbd7 10. Bd3 Re8 11. O-O Nf8 12. Ne5 Ng4 13. Nxg4 Bxg4 14.
Na4 Rad8 15. Nc5 Bc8 16. Bf5 Bxf5 17. Qxf5 Re7 18. b4 g6 19. Qc2 Ne6 20. a4
a6 21. Rab1 Nxc5 22. bxc5 Qe6 23. Rb4 f5 24. Rfb1 Rdd7 25. g3 Qf7 26. Kg2
Qe6 27. Qd1 h5 28. Qf3 Qe4 29. h3 Rf7 30. R4b2 g5 31. Qxe4 fxe4 32. g4 h4
33. Rf1 Rf3 34. Rfb1 Rff7 35. a5 1/2-1/2